000 02790nam0a2200421 4500
001 RU\NLR\BIBL_A\022153464
005 20240628143909.0
010 _a978-5-17-139323-6
_92000
021 _aRU
_bКН-П-24-003754
_9КН-П-24-0389
035 _a(NLR Aleph) 022153464
035 _a(RuMoRGB)011070808
090 _a12899497
_c12899497
100 _a20240229d2023 u y0rusy50 ca
101 1 _arus
_aeng
_akor
_cund
102 _aRU
105 _aac z 000yy
181 0 _ai
_baxxe
182 0 _an
200 1 _aBlackpink
_eистория уникальной группы. Kill this love
_e[перевод]
_fКим Мин-хё
203 _aТекст
_bвизуальный
_cнепосредственный
210 _aМосква
_aКиров
_cАСТ
_d2023
215 _a182 с.
_cцв. ил., портр.
_d22
225 1 _aK-POP
300 _aЧасть текста кор., янгл.
300 _aКн. содерж. QR - коды на доп. информ.
320 _aАвт. указан на обороте тит. л.
330 _aBlackpink-самая популярная девичья k-рор группа не только в Корее, но и во всем мире! Они добились небывалой славы: их слушает почти два миллиарда человек, альбомы расходятся миллионными тиражами. Невероятно талантливые Джису, Дженни, Розэ и Лиса покорили не только Корею, но Европу, Америку и весь остальной мир! Девушки показали, что невинная, отчасти детская привлекательность ценится гораздо дороже. В эпоху порочных нравов Blackpink выглядят как совершенные создания: спортивное телосложение, идеальная кожа, ухоженные волосы, стильная одежда. Слаженная хореография и режиссерская работа приносят их клипам миллиардные просмотры
333 _a16+
601 0 2 _a"Blackpink", южно-корейская гёрл-группа
_cСеул, город; Корея, Республика
_2nlr_sh2
_3RU\NLR\AUTH\6601677450
675 _a785.16(519.5)
_v4
686 1 _aЩ364.13(5КоЮ)65-68"Blackpink"
700 1 _aКим Мин-хё
712 0 2 _a"Blackpink", южно-корейская гёрл-группа
_cСеул
_3RU\NLR\AUTH\880529629
_4570
942 _cBOOK
980 _aNB